[Event "AUTO-ELITE-2075"]
[Site "http://www.queenalice.com/game.php?id=1556244"]
[Date "2019.1.11"]
[Round "1"]
[White "jrafaelcc"]
[Black "Alsina"]
[Result "0-1"]
[WhiteElo "2237"]
[BlackElo "2553"]

1. e4 c5 2. Nf3 e6 3. d3 Nc6 4. g3 Nf6 5. Bg2 d5 6. Nbd2 dxe4 7. dxe4 e5 8. c3
Be7 9. O-O Qc7 10. a4 O-O 11. Qc2 Na5 12. Re1 c4 13. b4 cxb3 14. Nxb3 Nxb3 15.
Qxb3 Be6 16. Qb5 Nd7 17. Be3 Nc5 18. Ng5 Bd7 19. Qc4 Rac8 20. Red1 h6 21. Nh3
Be6 22. Qe2 Rfd8 23. Rxd8+ Rxd8 24. f3 Qa5 25. Nf2 b5 26. Bf1 bxa4 27. Qb5 Qxc3
28. Bxc5 Bxc5 0-1

[Event "AUTO-ELITE-2075"]
[Site "http://www.queenalice.com/game.php?id=1556251"]
[Date "2019.1.11"]
[Round "1"]
[White "jrafaelcc"]
[Black "WeirdGoblin"]
[Result "1-0"]
[WhiteElo "2225"]
[BlackElo "2299"]

1. e4 c6 2. d3 d5 3. Nd2 e5 4. Ngf3 Bd6 5. g3 Ne7 6. Bg2 O-O 7. O-O f5 8. Re1
dxe4 9. dxe4 f4 10. Nc4 Bc7 11. Ncxe5 fxg3 12. hxg3 Qe8 13. Qd4 Nd7 14. Bd2 Kh8
15. Nc4 Nb6 16. Bc3 Qg6 17. Nce5 Qh6 18. Rad1 Bg4 19. Nxg4 1-0

[Event "AUTO-ELITE-2075"]
[Site "http://www.queenalice.com/game.php?id=1556252"]
[Date "2019.1.11"]
[Round "1"]
[White "WeirdGoblin"]
[Black "jrafaelcc"]
[Result "0-1"]
[WhiteElo "2279"]
[BlackElo "2239"]

1. d4 d5 2. c4 dxc4 3. Nf3 Bg4 4. Ne5 Bf5 5. Nc3 Nf6 6. f3 e6 7. e4 Bg6 8. Bxc4
Nbd7 9. Qb3 c5 10. Bg5 Be7 11. Bxf6 Nxf6 12. Bb5+ Kf8 13. O-O-O Qc7 14. Kb1 a6
15. Be2 cxd4 16. Nxg6+ hxg6 17. Rxd4 b5 18. h3 Rc8 19. Rdd1 Qg3 20. e5 Qxe5 21.
Rhe1 Qc7 22. Rc1 Qb7 23. Rc2 Rh5 24. Ne4 Nxe4 25. Rxc8+ Qxc8 26. fxe4 Rc5 27. a3
Bg5 28. h4 Bf6 29. g4 g5 30. h5 Qc6 0-1

[Event "AUTO-MASTER-2804"]
[Site "http://www.queenalice.com/game.php?id=1556313"]
[Date "2019.1.12"]
[Round "1"]
[White "Diadoco"]
[Black "jrafaelcc"]
[Result "0-1"]
[WhiteElo "2259"]
[BlackElo "2241"]

1. e4 c5 2. Nf3 e6 3. d4 cxd4 4. Nxd4 a6 5. Be3 Nf6 6. f3 Qc7 7. c4 d6 8. Be2
Be7 9. O-O Nbd7 10. Nd2 O-O 11. b4 b6 12. Rc1 Re8 13. Qe1 Bb7 14. Qf2 Rac8 15.
a3 Bf8 16. Qh4 Qb8 17. g4 Ne5 18. g5 Ng6 19. Qh3 Nd7 20. Qg3 d5 21. Qxb8 Nxb8
22. cxd5 exd5 23. Rxc8 Bxc8 24. Kf2 dxe4 25. Nxe4 Bb7 26. Bd3 Ne5 27. Bb1 Nc4
28. Bc1 Nd7 29. h4 Nde5 30. Re1 Rd8 31. Nf5 Nd3+ 32. Bxd3 Rxd3 33. Ke2 Bxe4 34.
fxe4 Rb3 35. Nd4 Rh3 36. Nf3 f6 37. gxf6 gxf6 38. Bf4 Nxa3 39. Kf2 Bxb4 40. Rd1
Kf7 41. Kg2 Rxf3 42. Kxf3 Nc4 43. Bc7 b5 44. Kg4 Ne3+ 0-1

[Event "AUTO-MASTER-2804"]
[Site "http://www.queenalice.com/game.php?id=1556314"]
[Date "2019.1.12"]
[Round "1"]
[White "jrafaelcc"]
[Black "Diadoco"]
[Result "1/2-1/2"]
[WhiteElo "2233"]
[BlackElo "2246"]

1. e4 e5 2. Nf3 Nc6 3. Bc4 Bc5 4. c3 Nf6 5. O-O Nxe4 6. d4 d5 7. Bb5 exd4 8.
Nxd4 Bxd4 9. Qxd4 O-O 10. Bxc6 bxc6 11. Rd1 Be6 12. Bf4 c5 13. Qe5 c6 14. f3 Nf6
15. Bg5 Re8 16. Qg3 Kh8 17. Nd2 h6 18. Qh4 Kg8 19. Be3 c4 20. Nxc4 Qb8 21. Na5
Qxb2 22. Nxc6 Qxc3 23. Bxh6 gxh6 24. Qxh6 Qxc6 25. Qxf6 Bd7 26. Qg5+ Qg6 27.
Qxd5 Be6 28. Qc5 Rec8 29. Qe3 Rc2 30. Rd2 Rac8 31. Rad1 Rxd2 32. Rxd2 a5 33. a3
Rc1+ 34. Kf2 Rc2 35. g3 Qf5 36. g4 Rxd2+ 37. Qxd2 Qc5+ 38. Qe3 Qxe3+ 39. Kxe3
Kg7 40. h4 Kg6 41. Kf4 f6 42. h5+ Kh6 43. Kg3 f5 44. gxf5 Bxf5 45. Kf4 Bd7 46.
Ke3 a4 47. Kd2 Kxh5 48. Kc2 Kg5 49. Kb2 Kf4 50. Ka1 Kxf3 51. Ka2 Ke3 52. Ka1 Kd2
53. Ka2 Kc3 54. Ka1 Kb3 55. Kb1 Kxa3 56. Ka1 Be6 57. Kb1 Ba2+ 58. Ka1 Kb3
1/2-1/2

[Event "AUTO-MASTER-2804"]
[Site "http://www.queenalice.com/game.php?id=1556331"]
[Date "2019.1.12"]
[Round "1"]
[White "jrafaelcc"]
[Black "clovis"]
[Result "0-1"]
[WhiteElo "2254"]
[BlackElo "1948"]

1. e4 e5 2. Nf3 Nc6 3. Bc4 Nf6 4. Ng5 Bc5 5. Nxf7 Bxf2+ 6. Kf1 Qe7 7. Nxh8 d6 8.
Qf3 Bb6 9. Bf7+ Kd8 10. Bd5 Nd4 11. Nf7+ Ke8 12. Qd3 Nxd5 13. Nxd6+ cxd6 14.
exd5 Qf6+ 15. Ke1 Nxc2+ 16. Kd1 Nxa1 17. h3 Bf5 18. Qb5+ Ke7 19. Na3 Rb8 20. Rf1
Rf8 21. Rf3 e4 22. Rc3 Bd7 23. Qe2 Bc5 24. Qxe4+ Kd8 25. Rf3 Qe7 26. Rxf8+ Qxf8
27. Qe2 Bf2 28. b3 Bd4 29. d3 Qf2 30. Qxf2 Bxf2 31. Bb2 Bc5 32. Nc4 Nxb3 33.
axb3 g6 34. Bc3 Ke7 35. Ke2 b5 36. Nd2 Bb6 37. Ne4 a5 38. Kd2 a4 39. bxa4 bxa4
40. Bb4 Bc7 41. g4 h5 42. gxh5 gxh5 43. h4 Bf5 44. Ke3 Bxe4 45. dxe4 Kf6 46. Kf3
Ke7 47. Ke3 Bb6+ 48. Kd3 Bc5 49. Kc4 Bxb4 50. Kxb4 Kf6 51. Kxa4 Ke5 52. Kb3 Kxe4
53. Kc4 Ke5 0-1

[Event "AUTO-MASTER-2804"]
[Site "http://www.queenalice.com/game.php?id=1556332"]
[Date "2019.1.12"]
[Round "1"]
[White "clovis"]
[Black "jrafaelcc"]
[Result "0-1"]
[WhiteElo "1997"]
[BlackElo "2221"]

1. e4 c5 2. Nf3 e6 3. Be2 Nc6 4. O-O d6 5. d4 cxd4 6. Nxd4 Nf6 7. Nc3 a6 8. Kh1
Be7 9. f4 O-O 10. Bf3 Qc7 11. e5 dxe5 12. Nxc6 bxc6 13. fxe5 Nd5 14. Ne4 Qxe5
15. Bd2 f5 16. Nc3 Qf6 17. Nxd5 cxd5 18. Re1 Rb8 19. Bc3 Qh6 20. Bxd5 Bh4 21.
Bb3 Bg3 22. h3 Rxb3 23. axb3 Bb7 24. Kg1 f4 25. Qd7 Bd5 26. Red1 f3 27. Rxd5
Qe3+ 28. Kh1 fxg2+ 0-1

[Event "AUTO-MASTER-2804"]
[Site "http://www.queenalice.com/game.php?id=1556333"]
[Date "2019.1.12"]
[Round "1"]
[White "jrafaelcc"]
[Black "JailtonMaster"]
[Result "1-0"]
[WhiteElo "2226"]
[BlackElo "2056"]

1. e4 d5 2. exd5 Qxd5 3. Nc3 Qd8 4. d4 Nf6 5. Bg5 e6 6. Nf3 Be7 7. Qd2 O-O 8.
O-O-O c6 9. h4 Nbd7 10. h5 b5 11. h6 g6 12. Kb1 a5 13. Ne5 Nxe5 14. dxe5 Nd5 15.
Ne4 Bxg5 16. Nxg5 Ra7 17. Ne4 Qe7 18. f3 b4 19. Bc4 Rd8 20. Bxd5 cxd5 21. Nf6+
Kh8 22. g4 a4 23. f4 Bb7 24. Qd4 Bc6 25. f5 b3 26. cxb3 axb3 27. a3 Ra4 28. Qb6
Rc4 29. Rc1 Ba8 30. Qxb3 exf5 31. Qg3 f4 32. Qh4 Qxe5 33. Rxc4 dxc4 34. Re1 g5
35. Rxe5 gxh4 36. Rg5 Be4+ 37. Nxe4 1-0

[Event "AUTO-MASTER-2804"]
[Site "http://www.queenalice.com/game.php?id=1556334"]
[Date "2019.1.12"]
[Round "1"]
[White "JailtonMaster"]
[Black "jrafaelcc"]
[Result "1/2-1/2"]
[WhiteElo "2111"]
[BlackElo "2224"]

1. d4 d5 2. c4 dxc4 3. e3 Nf6 4. Bxc4 e6 5. Nf3 c5 6. O-O Nc6 7. Nc3 a6 8. a4
cxd4 9. Nxd4 Nxd4 10. exd4 Be7 11. Re1 O-O 12. b3 b6 13. d5 exd5 14. Nxd5 Nxd5
15. Bxd5 Ra7 16. Rxe7 Rxe7 17. Bg5 Re1+ 18. Qxe1 Qxd5 19. Be3 Qxb3 20. a5 b5 21.
Bc5 Rd8 22. Bb6 Rf8 23. Bc5 Rd8 24. Bb6 Rf8 25. Bc5 1/2-1/2

[Event "AUTO-ELITE-2079"]
[Site "http://www.queenalice.com/game.php?id=1557798"]
[Date "2019.1.23"]
[Round "1"]
[White "IVAN37"]
[Black "jrafaelcc"]
[Result "0-1"]
[WhiteElo "2191"]
[BlackElo "2233"]

1. e4 c5 2. Nf3 e6 3. d4 cxd4 4. Nxd4 a6 5. Nc3 Qc7 6. Be3 Bb4 7. Bd2 Nf6 8. Bd3
b5 9. O-O Bb7 10. Qe2 d6 11. a3 Bc5 12. Nb3 Ba7 13. Bf4 Nbd7 14. Rad1 O-O 15.
Kh1 Ne5 16. h3 Rac8 17. Bg5 Nfd7 18. f4 Ng6 19. f5 Nge5 20. f6 Ng6 21. Qh5 Nde5
22. Bh6 gxf6 23. Rxf6 Rfe8 24. Rdf1 Bb8 25. Bg5 d5 26. R6f4 Nxf4 27. Bxf4 f6 28.
Bh2 Qg7 29. Rf4 Nxd3 30. cxd3 Bxf4 31. Bxf4 Qg6 0-1

[Event "AUTO-ELITE-2079"]
[Site "http://www.queenalice.com/game.php?id=1557799"]
[Date "2019.1.23"]
[Round "1"]
[White "jrafaelcc"]
[Black "IVAN37"]
[Result "1-0"]
[WhiteElo "2233"]
[BlackElo "2104"]

1. e4 e5 2. Nf3 Nc6 3. Bc4 Bc5 4. c3 Nf6 5. O-O O-O 6. d4 exd4 7. e5 Ne4 8. cxd4
Bb6 9. d5 Ne7 10. d6 Ng6 11. Qc2 Nc5 12. Nc3 cxd6 13. exd6 Ne6 14. b4 Bd4 15.
Rd1 Bf6 16. Bb2 b6 17. Bd5 Rb8 18. Rac1 Bb7 19. Nb5 Bxb2 20. Qxb2 Bxd5 21. Rxd5
a6 22. Nc7 Rb7 23. Nxa6 Qa8 24. b5 Ra7 25. Rd2 h5 26. h3 Ngf4 27. Nc7 Qe4 28.
Qe5 Qg6 29. Nh4 Qf6 30. Qxf6 gxf6 31. Nf5 Nc5 32. Rc4 Ng6 33. Nd5 Ra5 34. Nxf6+
1-0

[Event "AUTO-ELITE-2079"]
[Site "http://www.queenalice.com/game.php?id=1557806"]
[Date "2019.1.23"]
[Round "1"]
[White "jrafaelcc"]
[Black "AsterixTwin"]
[Result "0-1"]
[WhiteElo "2231"]
[BlackElo "2505"]

1. e4 c5 2. Nf3 d6 3. d3 Nc6 4. g3 g6 5. Bg2 Bg7 6. O-O e6 7. c3 Nf6 8. a4 O-O
9. Nbd2 Re8 10. Qc2 Rb8 11. Re1 e5 12. Nf1 d5 13. Ne3 d4 14. Nc4 b6 15. h4 a6
16. Bg5 b5 17. Ncd2 h6 18. Bxf6 Qxf6 19. cxd4 cxd4 20. Rec1 Bb7 21. axb5 axb5
22. Qc5 b4 23. b3 Ra8 24. Qb6 Rxa1 25. Rxa1 Qe7 26. Rc1 Rc8 27. Bh3 Rc7 0-1

[Event "AUTO-ELITE-2079"]
[Site "http://www.queenalice.com/game.php?id=1557807"]
[Date "2019.1.23"]
[Round "1"]
[White "AsterixTwin"]
[Black "jrafaelcc"]
[Result "1-0"]
[WhiteElo "2502"]
[BlackElo "2237"]

1. e4 c5 2. Nf3 e6 3. d4 cxd4 4. Nxd4 a6 5. Bd3 Qc7 6. Qe2 Nc6 7. Nxc6 bxc6 8.
O-O d5 9. e5 c5 10. c3 Ne7 11. Nd2 Nf5 12. Bxf5 exf5 13. Nf3 Be6 14. Ng5 Be7 15.
Nxe6 fxe6 16. f4 O-O 17. Be3 a5 18. Rad1 c4 19. Kh1 a4 20. a3 Rfb8 21. Bc1 Bc5
22. h3 Qe7 23. Kh2 h6 24. g4 fxg4 25. hxg4 Rb3 26. f5 d4 27. f6 d3 28. Qe4 Qb7
29. Qxc4 Qc6 30. Qxd3 Rb7 31. Qf3 Qc7 32. Qe4 1-0

[Event "AUTO-MASTER-2819"]
[Site "http://www.queenalice.com/game.php?id=1562061"]
[Date "2019.2.23"]
[Round "1"]
[White "Diego_Silveira"]
[Black "jrafaelcc"]
[Result "0-1"]
[WhiteElo "2006"]
[BlackElo "2252"]

1. Nf3 Nf6 2. g3 d5 3. d4 g6 4. Bg2 Bg7 5. O-O O-O 6. Re1 Nbd7 7. c4 c6 8. Nc3
dxc4 9. e4 b5 10. a3 Nb6 11. e5 Nfd5 12. Ne4 Bf5 13. Nc5 a5 14. Bd2 h5 15. e6 f6
16. Nh4 Bg4 17. Bf3 Bxf3 18. Qxf3 Kh7 19. Rad1 b4 20. axb4 axb4 21. Ra1 Qc7 22.
g4 c3 23. bxc3 bxc3 24. gxh5 g5 25. Qf5+ Kh8 26. Ng6+ Kg8 0-1

[Event "AUTO-MASTER-2819"]
[Site "http://www.queenalice.com/game.php?id=1562062"]
[Date "2019.2.23"]
[Round "1"]
[White "jrafaelcc"]
[Black "Diego_Silveira"]
[Result "0-1"]
[WhiteElo "2257"]
[BlackElo "1998"]

1. e4 c6 2. d3 d5 3. Nd2 e5 4. Ngf3 Bd6 5. g3 Nf6 6. Bg2 O-O 7. O-O Bg4 8. Re1
Re8 9. c3 Nbd7 10. h3 Bh5 11. Nf1 h6 12. g4 Bg6 13. Ng3 Rc8 14. Nf5 Bf8 15. N3h4
Bh7 16. a4 Qc7 17. Be3 b6 18. g5 hxg5 19. Bxg5 dxe4 20. dxe4 Bc5 21. b4 Bf8 22.
Qf3 c5 23. Qg3 Nh5 24. Qf3 Nhf6 25. Re3 cxb4 26. Nh6+ gxh6 27. Bxf6 Nxf6 28.
Qxf6 Bg7 29. Rg3 Bg6 30. Qf3 bxc3 31. Nxg6 fxg6 32. Rxg6 c2 33. Rc1 Qc3 0-1

[Event "AUTO-MASTER-2819"]
[Site "http://www.queenalice.com/game.php?id=1562075"]
[Date "2019.2.23"]
[Round "1"]
[White "Mavico"]
[Black "jrafaelcc"]
[Result "1-0"]
[WhiteElo "2253"]
[BlackElo "2241"]

1. e4 c5 2. Nf3 e6 3. c3 Nc6 4. d4 cxd4 5. cxd4 Nf6 6. Nc3 d6 7. Bd3 Be7 8. Bf4
a6 9. d5 Nb8 10. Qa4+ Nbd7 11. dxe6 fxe6 12. Nd4 e5 13. Ne6 Qb6 14. Be3 Qxb2 15.
Rc1 Kf7 16. Ng5+ Ke8 17. O-O b5 18. Nxb5 1-0

[Event "AUTO-MASTER-2819"]
[Site "http://www.queenalice.com/game.php?id=1562076"]
[Date "2019.2.23"]
[Round "1"]
[White "jrafaelcc"]
[Black "Mavico"]
[Result "0-1"]
[WhiteElo "2234"]
[BlackElo "2342"]

1. e4 e6 2. d3 d5 3. Nd2 c5 4. Ngf3 Nf6 5. g3 Nc6 6. Bg2 Be7 7. O-O O-O 8. c3
Qc7 9. Re1 dxe4 10. dxe4 e5 11. a4 Be6 12. Qc2 Na5 13. b3 c4 14. b4 Nb3 15. Rb1
Nxc1 16. Rexc1 a5 17. Bf1 Nd7 18. bxa5 Rxa5 19. Rb5 Rxb5 20. axb5 Ra8 21. Rb1
Nb6 22. h4 f6 23. Ne1 Bc5 24. Ng2 Ra3 25. Rd1 Kf7 26. Be2 Qc8 27. h5 Qa8 28. h6
g6 29. Kf1 Qa5 30. f4 Rxc3 0-1

[Event "AUTO-MASTER-2819"]
[Site "http://www.queenalice.com/game.php?id=1562085"]
[Date "2019.2.23"]
[Round "1"]
[White "jrafaelcc"]
[Black "chessman"]
[Result "1-0"]
[WhiteElo "2233"]
[BlackElo "1965"]

1. e4 e6 2. d3 d5 3. Nd2 Nf6 4. Ngf3 Be7 5. g3 O-O 6. Bg2 c5 7. O-O Nc6 8. c3
Re8 9. Re1 Nd7 10. Qc2 a6 11. a4 Nf8 12. Nf1 dxe4 13. dxe4 Ng6 14. Ne3 Qc7 15.
Nc4 e5 16. h4 Bg4 17. Ne3 Be6 18. Nd5 Qc8 19. Nb6 Qc7 20. Nxa8 Rxa8 21. Ng5 Qc8
22. Nxe6 Qxe6 23. Be3 Rd8 24. Red1 f6 25. Rxd8+ Bxd8 26. Bxc5 Be7 27. Bxe7 Qxe7
28. Rd1 h6 29. Bh3 Nf8 30. b4 1-0

[Event "AUTO-MASTER-2819"]
[Site "http://www.queenalice.com/game.php?id=1562086"]
[Date "2019.2.23"]
[Round "1"]
[White "chessman"]
[Black "jrafaelcc"]
[Result "0-1"]
[WhiteElo "1967"]
[BlackElo "2229"]

1. e4 c5 2. Nf3 e6 3. d4 cxd4 4. Nxd4 a6 5. Be2 Nf6 6. O-O Nxe4 7. Bf3 Nf6 8.
Nc3 Be7 9. Re1 O-O 10. Be3 d5 11. Nb3 Nc6 12. Bg5 h6 13. Bh4 b5 14. a3 Bb7 15.
Qd3 Qc7 16. Bg3 Bd6 17. Bxd6 Qxd6 18. Ne4 Nxe4 19. Bxe4 Ne5 20. Qd1 Nc4 21. Bf3
Nxb2 22. Qd4 Nc4 23. g3 Nxa3 24. Rac1 Rfc8 25. Nd2 Rxc2 26. Nf1 Rac8 27. Rcd1
Qc5 0-1

[Event "AUTO-ELITE-2099"]
[Site "http://www.queenalice.com/game.php?id=1564389"]
[Date "2019.3.16"]
[Round "1"]
[White "jrafaelcc"]
[Black "Sidinei"]
[Result "0-1"]
[WhiteElo "2233"]
[BlackElo "2657"]

1. e4 e6 2. d3 d5 3. Nd2 Nf6 4. Ngf3 Be7 5. g3 O-O 6. Bg2 c5 7. c3 b6 8. O-O Bb7
9. Re1 dxe4 10. dxe4 Nxe4 0-1

[Event "AUTO-ELITE-2099"]
[Site "http://www.queenalice.com/game.php?id=1564391"]
[Date "2019.3.16"]
[Round "1"]
[White "jrafaelcc"]
[Black "BEBADO"]
[Result "0-1"]
[WhiteElo "2217"]
[BlackElo "2312"]

1. e4 c5 2. Nf3 e6 3. d3 d5 4. Nbd2 Nc6 5. g3 g6 6. Bg2 Bg7 7. O-O Nge7 8. c3
O-O 9. Re1 b6 10. Qc2 Ba6 11. Nf1 dxe4 12. dxe4 Qd3 13. Qxd3 Bxd3 14. h4 Rfd8
15. Bg5 h6 16. Bxe7 Nxe7 17. Rad1 Bc4 18. a3 Bb3 19. Rd2 Nc6 20. Ne3 Ne5 21.
Nxe5 Rxd2 22. N5c4 Bxc4 23. Nxc4 Rd7 24. f4 Rad8 25. e5 Bf8 26. a4 Rd1 27. Kf2
Be7 28. Re2 Kf8 29. Bc6 Ra1 30. Ke3 Rdd1 31. Nd2 Re1 32. Rxe1 Rxe1+ 33. Kf2 Ra1
34. Ke3 g5 35. hxg5 hxg5 36. Ke4 Kg7 37. Nc4 Rb1 0-1

[Event "AUTO-ELITE-2099"]
[Site "http://www.queenalice.com/game.php?id=1564392"]
[Date "2019.3.16"]
[Round "1"]
[White "BEBADO"]
[Black "jrafaelcc"]
[Result "1-0"]
[WhiteElo "2302"]
[BlackElo "2227"]

1. e4 c5 2. Nf3 e6 3. d4 cxd4 4. Nxd4 a6 5. Bd3 Nf6 6. O-O d6 7. c4 Be7 8. Nc3
Nbd7 9. Be3 O-O 10. Rc1 b6 11. Nc6 Qe8 12. Qd2 Bb7 13. Nxe7+ Qxe7 14. Rfd1 Rfd8
15. f3 Nc5 16. Bf1 a5 17. Bg5 h6 18. Bh4 Rac8 19. Kh1 g5 20. Bg3 e5 21. Bf2 Nh5
22. Ne2 Qf6 23. Ng3 Nxg3+ 24. Bxg3 h5 25. Qe1 Kg7 26. Qe3 Rh8 27. h3 g4 28. h4
Rh6 29. Be2 1-0